Recaudación de tributos / César Aller
ISBN:
84-7196-354-x
Descripción Física:
475 p. : taules ; 22 cm
Colección:
Legislación tributaria comentada ; 3
Otros Autores:
Espanya. Ministerio de Hacienda
MARC
| LEADER | 00000nam a2200000Ia 4500 | ||
|---|---|---|---|
| 001 | 18212 | ||
| 008 | 160829s1981 xx 000 0 cat d | ||
| 020 | |a 84-7196-354-x | ||
| 080 | |a M-5-257 | ||
| 100 | |a Aller, César |9 23622 | ||
| 245 | |a Recaudación de tributos / César Aller | ||
| 260 | |a Madrid : |b Ministerio de Hacienda. Servicio de Publicaciones, |c 1981 | ||
| 300 | |a 475 p. : |b taules ; |c 22 cm | ||
| 490 | |a Legislación tributaria comentada ; 3 | ||
| 650 | |a Impostos |x Recaptació |x Espanya |9 23623 | ||
| 650 | |a Dret fiscal |9 27490 | ||
| 700 | |a Espanya. Ministerio de Hacienda |9 27549 | ||
| 901 | |a Arxiu | ||
| 942 | |n 1 | ||
| 952 | |0 0 |1 0 |4 0 |6 M5257 |7 1 |9 42784 |a Arxiu |b Arxiu |d 2016-12-01 |l 0 |o M-5-257 |p 18212 |r 2016-12-01 00:00:00 |w 2016-12-01 |y ARXIU | ||
| 999 | |c 45290 |d 45290 | ||